| 000 | 01980nam0a2200385 4500 | ||
|---|---|---|---|
| 001 | RU\NLR\bibl\967251 | ||
| 005 | 20260406143015.0 | ||
| 010 |
_a5-98629-004-6 _92000 |
||
| 021 |
_aRU _b2006-30022 _91496 |
||
| 035 | _a(nilc)RSL-KNO-002889331 | ||
| 035 | _a(NLR Aleph) 000955232 | ||
| 090 |
_a304943 _c304943 |
||
| 100 | _a20060524d2006 |||y0rusy50 ca | ||
| 101 | 0 | _arus | |
| 102 | _aRU | ||
| 105 | _ay ||||||||| | ||
| 106 | _ar | ||
| 200 | 1 |
_aПожарная безопасность электроустановок _e[учебно-справочное пособие] _fС.В. Собурь _gВсемир. акад. наук комплекс. безопасности, Ун-т комплекс. систем безопасности и инж. обеспечения |
|
| 205 | _a6-е изд, доп. | ||
| 210 |
_aМосква _cПожКнига _d2006 _eЛюберцы (Моск. обл.) _gПИК ВИНИТИ |
||
| 215 |
_a277 с. _d21 |
||
| 225 | 1 | _aПожарная безопасность предприятия | |
| 300 | _aВ вып. дан. авт.: Собурь С.В., к.т.н., проф., чл.-корр. ВАН КБ | ||
| 320 | _aБиблиогр.: с. 273 (31 назв.) | ||
| 606 | 0 |
_aЭлектрические установки _jСправочники _xПожарная безопасность _92109164 _3RU\NLR\auth\661274843 |
|
| 610 | 0 | _aЭнергетика -- Электроэнергетика. Электротехника -- Электрические установки -- Пожаробезопасность -- Справочник | |
| 686 |
_aЗ29-5н68я22 _2rubbk |
||
| 686 | _aЗ29-5н68я22 | ||
| 700 | 1 |
_4070 _8rus _7ca _aСобурь _bС. В. _gСергей Викторович _3RU\NLR\auth\773634 _9113628 |
|
| 801 | 0 |
_aRU _bРКП _c20060524 _grcr |
|
| 801 | 1 |
_aRU _bРГБ _c20060524 |
|
| 801 | 2 |
_aRU _bNLR _c20060713 _grcr |
|
| 942 | _cBOOK | ||
| 980 | _aNB | ||